000 nam a22 a 4500
999 _c346234
_d346234
003 BLK
005 20201007040627.0
008 191030b bu ||||| |||| 00| 0 bu d
040 _aBLK
041 _aBUL
_cBUL
080 _aНемска литература
_b821.112.2
_x-32
_z821.112.2-32
100 _aАлберт, Виктор
_eпърви автор
_91299
245 _aПо влечението на сърцето
_bповест
_cВиктор Алберт ; прев. от нем. В. Ив. Пастирев
260 _9211897
_aЯмбол
_bСветлина
_c1896
_n978-954-8850-
300 _a40 с.
_c16 см
380 _aX
490 _9396381
_aЧастна колекция - Академик Михаил Арнаудов
_gДарение - Основен фонд
852 _aМА 5083
942 _cKNG
_n0
_s1